Catálogo
 En Linea

Educación artística 7 : (Registro nro. 46558)

Detalles MARC
000 -CABECERA
campo de control de longitud fija 00601nam a2200181 a 4500
001 - NÚMERO DE CONTROL
campo de control 000047070
005 - FECHA Y HORA DE LA ÚLTIMA TRANSACCIÓN
campo de control 20201002053332.0
008 - DATOS DE LONGITUD FIJA--INFORMACIÓN GENERAL
campo de control de longitud fija 180412s2004 000 spa d
040 ## - FUENTE DE LA CATALOGACIÓN
Centro catalogador/agencia de origen DO-SdBNP
Lengua de catalogación spa
Centro/agencia transcriptor BNPHU
082 ## - NÚMERO DE LA CLASIFICACIÓN DECIMAL DEWEY
Número de clasificación xxxx
Número de documento/Ítem S594e 7mo.
100 1# - ENTRADA PRINCIPAL--NOMBRE DE PERSONA
Nombre de persona Simón Consuegra, José Miguel
9 (RLIN) 51487
245 10 - MENCIÓN DE TÍTULO
Título Educación artística 7 :
Resto del título educación básica /
Mención de responsabilidad, etc. José Miguel Simón Consuegra.
260 ## - PUBLICACIÓN, DISTRIBUCIÓN, ETC.
Lugar de publicación, distribución, etc. Santo Domingo :
Nombre del editor, distribuidor, etc. Susaeta,
Fecha de publicación, distribución, etc. 2004.
300 ## - DESCRIPCIÓN FÍSICA
Extensión 140 ´p. :
-- il. ;
Dimensiones 21 cm.
504 ## - NOTA DE BIBLIOGRAFÍA, ETC.
Nota de bibliografía, etc. Bibliografía : p. 140
590 ## - NOTA LOCAL (RLIN)
Nota local Inventariado, 2018/BT
700 1# - PUNTO DE ACCESO ADICIONAL--NOMBRE DE PERSONA
Nombre de persona Martínez Gómez, Julio César
9 (RLIN) 74898
Existencias
Estado de retiro Estado de pérdida Restricciones de uso No para préstamo Código de colección Localización permanente Ubicación/localización actual Ubicación en estantería Fecha de adquisición Número de inventario Total de préstamos Signatura topográfica completa Código de barras Fecha visto por última vez Número de copia Precio válido a partir de Tipo de ítem Koha
        Monografías: Libros y Folletos General General Depósito 12.04.2018 LF1   xxxx S594e 7mo. 47070-30 25.06.2020 e. 3 25.06.2020 Préstamo en sala
      Excluido de préstamo Monografías: Libros y Folletos Patrimonio Dominicano Patrimonio Dominicano Depósito 12.04.2018 LF1   xxxx S594e 7mo. 47070-10 25.06.2020   25.06.2020 No se presta
      Excluido de préstamo Monografías: Libros y Folletos Patrimonio Dominicano Patrimonio Dominicano Depósito 12.04.2018 LF1   xxxx S594e 7mo. 47070-20 25.06.2020 e. 2 25.06.2020 No se presta

Con tecnología Koha